| 000 | 00391nam a22001577a 4500 | ||
|---|---|---|---|
| 003 | OSt | ||
| 005 | 20241028124456.0 | ||
| 008 | 241028b |||||||| |||| 00| 0 eng d | ||
| 020 | _a9789355014672 | ||
| 040 | _c | ||
| 082 |
_220 _a515.35 _bRAI |
||
| 245 |
_aAdvanced differential equation _cRaisinghania,M.D |
||
| 250 | _a20 | ||
| 260 |
_bS.Chand _c2022 |
||
| 942 |
_2ddc _cBK _e20 _k515.35 _mRAI _n0 |
||
| 999 |
_c36100 _d36100 |
||